[Event "Schachfestival 2016 - Open"]
[Site "Bad Woerishofen"]
[Date "2016.02.27"]
[Round "3.71"]
[White "Wltschek, Christian"]
[Black "Riedl, Guenter"]
[Result "1/2-1/2"]
[WhiteElo "1958"]
[BlackElo "1877"]
[Annotator "chessorg"]
[PlyCount "83"]
[EventDate "2016.??.??"]
[WhiteTeam "SG Post/Sued Regensburg"]
[BlackTeam "SK Marktoberdorf"]

1. e4 d5 2. exd5 Qxd5 3. Nc3 Qa5 4. d4 Nf6 5. Bd2 c6 6. Bc4 Bf5 7. Qe2 e6 8. d5
cxd5 9. Nxd5 Qd8 10. Nxf6+ Qxf6 11. O-O-O Nc6 12. g4 Bg6 13. h4 Bxc2 14. Kxc2
Nd4+ 15. Kb1 Nxe2 16. Bb5+ Kd8 17. Bg5+ Kc7 18. Bxf6 Nxg1 19. Rd7+ Kb6 20. Bd4+
Kxb5 21. Rxg1 e5 22. Bxe5 f6 23. Bf4 b6 24. Be3 g6 25. Rc1 h6 26. Bd4 Bc5 27.
Bxc5 bxc5 28. Rc7 Kb6 29. R1xc5 Rhe8 30. R7c6+ Kb7 31. Rxf6 Rad8 32. Rb5+ Ka8
33. a4 Rg8 34. a5 Rd4 35. f3 h5 36. gxh5 gxh5 37. a6 Rxh4 38. Rb7 Rc4 39. Rff7
Rg1+ 40. Ka2 Ra4+ 41. Kb3 Rxa6 42. Rbd7 1/2-1/2

[Event "Schachfestival 2016 - Open"]
[Site "Bad Woerishofen"]
[Date "2016.02.27"]
[Round "3.74"]
[White "Wilmes, Frank"]
[Black "Hoeller, Armin"]
[Result "0-1"]
[WhiteElo "1836"]
[BlackElo "2008"]
[Annotator "chessorg"]
[PlyCount "42"]
[EventDate "2016.??.??"]
[WhiteTeam "SC Pforzheim 1906"]
[BlackTeam "SV Ilmmuenster"]

1. d4 f5 2. Nc3 Nf6 3. Bf4 e6 4. e3 Bb4 5. Bd3 O-O 6. Nge2 Nc6 7. a3 Be7 8. O-O
Nh5 9. h3 Nxf4 10. Nxf4 d6 11. d5 exd5 12. Ncxd5 Ne5 13. Nxe7+ Qxe7 14. Be2 c6
15. c4 Bd7 16. Qd4 Be8 17. Rfd1 Rf6 18. Rac1 g5 19. Nh5 Bxh5 20. Bxh5 Rh6 21.
g4 Nf3+ 0-1

[Event "Schachfestival 2016 - Open"]
[Site "Bad Wörishofen"]
[Date "2016.02.27"]
[Round "3.76"]
[White "Ramin, Michael"]
[Black "Urban, Rudolf"]
[Result "1-0"]
[WhiteElo "1966"]
[BlackElo "1841"]
[Annotator "chessorg"]
[PlyCount "41"]
[EventDate "2016.??.??"]
[WhiteTeam "SV DT Esslingen"]
[BlackTeam "SC Roter Turm Altstadt"]

1. c4 b6 2. Nc3 Bb7 3. Nf3 e6 4. b3 Nf6 5. Bb2 c5 6. d4 d6 7. e3 Be7 8. Bd3
Nbd7 9. O-O a6 10. Re1 Qc7 11. Rc1 O-O 12. d5 e5 13. Nd2 Rfe8 14. g4 Nf8 15. g5
N6d7 16. f4 f6 17. Qg4 Bc8 18. g6 hxg6 19. Bxg6 Nxg6 20. Qxg6 Nf8 21. Qxe8 1-0

[Event "Schachfestival 2016 - Senioren"]
[Site "chess24.com"]
[Date "2016.02.28"]
[Round "3.4"]
[White "Krieger, Hermann"]
[Black "Klempt, Guenter"]
[Result "1-0"]
[WhiteElo "2172"]
[BlackElo "2039"]
[PlyCount "46"]
[EventDate "2016.??.??"]
[WhiteTeam "Deutschland"]
[BlackTeam "Deutschland"]
[WhiteTeamCountry "GER"]
[BlackTeamCountry "GER"]
[WhiteClock "1:40:30"]
[BlackClock "1:40:30"]

1. e4 c5 2. Nf3 Nc6 3. d4 cxd4 4. Nxd4 g6 5. Nc3 Bg7 6. Be3 Nf6 7. Bc4 O-O 8.
Bb3 Na5 9. f3 Nxb3 10. Nxb3 d6 11. Qd2 a5 12. a4 Bd7 13. g4 Bc6 14. h3 h5 15.
gxh5 Nxh5 16. Nd4 d5 17. O-O-O dxe4 18. Nxc6 Qxd2+ 19. Rxd2 bxc6 20. Nxe4 Nf6
21. Nxf6+ Bxf6 22. h4 Rfd8 23. h5 g5 1-0

[Event "Schachfestival 2016 - B- Open"]
[Site "Bad Wörishofen"]
[Date "2016.02.27"]
[Round "3.2"]
[White "Specht, Helmut"]
[Black "Spanton, Timothy"]
[Result "1-0"]
[WhiteElo "1988"]
[BlackElo "1908"]
[Annotator "chessorg"]
[PlyCount "68"]
[EventDate "2016.??.??"]
[BlackTeam "Hastings"]

1. d4 d5 2. c4 e5 3. dxe5 d4 4. Nf3 Nc6 5. g3 Nge7 6. Bg2 Ng6 7. O-O Ngxe5 8.
Nbd2 Be6 9. b3 Ng6 10. Bb2 Qd7 11. Ng5 Bg4 12. Bd5 Be6 13. Nxe6 fxe6 14. Be4
O-O-O 15. f4 Bc5 16. Kg2 Kb8 17. Nf3 Nce7 18. b4 Bxb4 19. Bxd4 Nf5 20. Bf2 Qxd1
21. Raxd1 c6 22. Rb1 a5 23. a3 Bxa3 24. Bxc6 Bb4 25. Be4 Nd6 26. Bd3 Rc8 27.
Rfc1 Bc5 28. Be1 a4 29. Bc3 Be3 30. Bb4 Bc5 31. Bd2 Nf5 32. Rc2 Be3 33. Bxf5
Nxf4+ 34. gxf4 Bxd2 1-0

[Event "Schachfestival 2016 - B- Open"]
[Site "Bad Wörishofen"]
[Date "2016.02.27"]
[Round "3.6"]
[White "Bigott, Martin"]
[Black "Lehmann, Joerg"]
[Result "1-0"]
[WhiteElo "1908"]
[BlackElo "1887"]
[Annotator "chessorg"]
[PlyCount "47"]
[EventDate "2016.??.??"]
[WhiteTeam "SF Lohmar 1974 e.V."]
[BlackTeam "Post-SV Memmingen"]

1. b4 Nf6 2. Bb2 e6 3. b5 d5 4. e3 c5 5. Nf3 Bd6 6. Be2 O-O 7. O-O Re8 8. c4 a6
9. a4 dxc4 10. Bxc4 b6 11. d3 a5 12. Qb3 Bb7 13. e4 Be7 14. Nbd2 Nbd7 15. h3
Qc7 16. Rae1 Rad8 17. Qc3 Bf8 18. Ne5 Nxe5 19. Qxe5 Qxe5 20. Bxe5 Bd6 21. Bxd6
Rxd6 22. e5 Rxd3 23. Bxd3 Nd5 24. Nc4 1-0

[Event "Schachfestival 2016 - B- Open"]
[Site "Bad Wörishofen"]
[Date "2016.02.27"]
[Round "3.6"]
[White "Bigott, Martin"]
[Black "Lehmann, Joerg"]
[Result "1-0"]
[WhiteElo "1908"]
[BlackElo "1887"]
[Annotator "chessorg"]
[PlyCount "47"]
[EventDate "2016.??.??"]
[WhiteTeam "SF Lohmar 1974 e.V."]
[BlackTeam "Post-SV Memmingen"]

1. b4 Nf6 2. Bb2 e6 3. b5 d5 4. e3 c5 5. Nf3 Bd6 6. Be2 O-O 7. O-O Re8 8. c4 a6
9. a4 dxc4 10. Bxc4 b6 11. d3 a5 12. Qb3 Bb7 13. e4 Be7 14. Nbd2 Nbd7 15. h3
Qc7 16. Rfe1 Rad8 17. Qc3 Bf8 18. Ne5 Nxe5 19. Qxe5 Qxe5 20. Bxe5 Bd6 21. Bxd6
Rxd6 22. e5 Rxd3 23. Bxd3 Nd5 24. Nc4 1-0

[Event "Schachfestival 2016 - B- Open"]
[Site "Bad Wörishofen"]
[Date "2016.02.27"]
[Round "3.7"]
[White "Mueller, Wolfgang"]
[Black "Puetz, Peter"]
[Result "1-0"]
[WhiteElo "1866"]
[BlackElo "1660"]
[Annotator "chessorg"]
[PlyCount "75"]
[EventDate "2016.??.??"]
[BlackTeam "SV Hennef 1927 e.V."]

1. e4 c5 2. Nf3 e6 3. d4 cxd4 4. Nxd4 Qb6 5. Nc3 Bc5 6. Na4 Qa5+ 7. c3 Bxd4 8.
Qxd4 e5 9. Qc5 Qxc5 10. Nxc5 d6 11. Bb5+ Nc6 12. Na6 Kd7 13. Nb4 a6 14. Nd5 Kd8
15. Ba4 b5 16. Bb3 Na5 17. Bc2 Be6 18. Nb4 Kc7 19. O-O Ne7 20. f4 Nac6 21. Nxc6
Nxc6 22. Bd3 f6 23. Be3 exf4 24. Bxf4 Ne5 25. Be2 Rhd8 26. Rfd1 Kc6 27. Rd4 g5
28. Bg3 Bc4 29. Bxc4 Nxc4 30. b3 Ne5 31. Rf1 Rf8 32. Rfd1 Rad8 33. a4 Rf7 34.
axb5+ axb5 35. Ra1 Rb8 36. Ra6+ Rb6 37. Rxd6+ Kxd6 38. Rxb6+ 1-0

[Event "Schachfestival 2016 - Open"]
[Site "Bad Woerishofen"]
[Date "2016.02.29"]
[Round "4.1"]
[White "Werle, Jan"]
[Black "Naumkin, Igor"]
[Result "1/2-1/2"]
[WhiteElo "2545"]
[BlackElo "2413"]
[PlyCount "59"]
[EventDate "2016.??.??"]
[WhiteTeam "Niederlande"]
[BlackTeam "Russland"]
[WhiteTeamCountry "NED"]
[BlackTeamCountry "RUS"]
[WhiteClock "0:10:11"]
[BlackClock "0:45:36"]

1. d4 Nf6 2. c4 e6 3. Nc3 Bb4 4. e3 c5 5. Nf3 O-O 6. Bd3 d5 7. O-O b6 8. a3
Bxc3 9. bxc3 Ba6 10. cxd5 exd5 11. Bxa6 Nxa6 12. Qe2 Qc8 13. Ne5 Re8 14. a4 Nb8
15. Bb2 c4 16. a5 b5 17. Ba3 Nc6 18. Nxc6 Qxc6 19. f3 Re6 20. Rae1 Rae8 21. Qf2
Qc7 22. Bb4 a6 23. Re2 h6 24. Rfe1 Qb8 25. h3 Qc7 26. g4 Qb8 27. Qg2 Qa8 28.
Kf2 Qb7 29. h4 Qc7 30. Qh3 1/2-1/2

[Event "Schachfestival 2016 - Open"]
[Site "Bad Woerishofen"]
[Date "2016.02.29"]
[Round "4.2"]
[White "Schulze, Ulrich"]
[Black "Bogner, Sebastian"]
[Result "0-1"]
[WhiteElo "2296"]
[BlackElo "2539"]
[PlyCount "64"]
[EventDate "2016.??.??"]
[WhiteTeam "Deutschland"]
[BlackTeam "Schweiz"]
[WhiteTeamCountry "GER"]
[BlackTeamCountry "SUI"]
[WhiteClock "0:38:10"]
[BlackClock "0:35:12"]

1. b3 g6 2. Bb2 Nf6 3. Bxf6 exf6 4. c4 d5 5. cxd5 Qxd5 6. Nc3 Qa5 7. a3 c5 8.
e3 Nc6 9. Bb5 Be7 10. Nge2 O-O 11. Bxc6 bxc6 12. d3 Rd8 13. Qc2 Ba6 14. Nc1 f5
15. Ra2 Bf6 16. b4 cxb4 17. axb4 Qxb4 18. Rxa6 Bxc3+ 19. Ke2 Qb5 20. Qa2 Rd7
21. Rd1 f4 22. Qa4 Qh5+ 23. Kf1 fxe3 24. fxe3 Rd6 25. Kg1 Re8 26. Rf1 Qc5 27.
d4 Qg5 28. Qc4 Qxe3+ 29. Kh1 Re7 30. Ra3 Rf6 31. Rxf6 Qxc1+ 32. Rf1 Qxa3 0-1

[Event "Schachfestival 2016 - Open"]
[Site "Bad Woerishofen"]
[Date "2016.02.29"]
[Round "4.3"]
[White "Kveinys, Aloyzas"]
[Black "Hess, Max"]
[Result "1-0"]
[WhiteElo "2524"]
[BlackElo "2275"]
[PlyCount "71"]
[EventDate "2016.??.??"]
[WhiteTeam "Litauen"]
[BlackTeam "Deutschland"]
[WhiteTeamCountry "LTU"]
[BlackTeamCountry "GER"]
[WhiteClock "0:34:12"]
[BlackClock "0:35:31"]

1. d4 Nf6 2. c4 g6 3. Nf3 Bg7 4. g3 O-O 5. Bg2 d6 6. O-O Nc6 7. Nc3 a6 8. Bf4
Rb8 9. Rc1 h6 10. d5 e5 11. dxc6 exf4 12. Nd4 fxg3 13. hxg3 b6 14. e3 h5 15. b3
Ng4 16. Nd5 h4 17. f3 Nf6 18. Ne2 hxg3 19. Nxg3 Nxd5 20. cxd5 Re8 21. Kf2 Qe7
22. Qd2 a5 23. Rh1 f5 24. f4 Ba6 25. Bf3 Rbd8 26. Rcg1 Qf6 27. Bh5 Re7 28. Bxg6
Qxg6 29. Nh5 Qf7 30. Nxg7 Qxg7 31. Qd1 Qxg1+ 32. Rxg1+ Rg7 33. Rxg7+ Kxg7 34.
Qh5 Rf8 35. Qg5+ Kh8 36. Qe7 1-0

[Event "Schachfestival 2016 - Open"]
[Site "Bad Woerishofen"]
[Date "2016.02.29"]
[Round "4.4"]
[White "Karpatchev, Aleksandr"]
[Black "Fries, Frederik"]
[Result "1-0"]
[WhiteElo "2475"]
[BlackElo "2269"]
[PlyCount "121"]
[EventDate "2016.??.??"]
[WhiteTeam "Russland"]
[BlackTeam "Deutschland"]
[WhiteTeamCountry "RUS"]
[BlackTeamCountry "GER"]
[WhiteClock "0:56:20"]
[BlackClock "0:15:23"]

1. e4 c5 2. c3 Nf6 3. e5 Nd5 4. Nf3 Nc6 5. Bc4 Nb6 6. Bb3 d5 7. exd6 Qxd6 8.
O-O Be6 9. Bc2 Bd5 10. a4 Qf6 11. a5 Bxf3 12. Qxf3 Qxf3 13. gxf3 Nd5 14. a6
O-O-O 15. axb7+ Kxb7 16. Re1 e6 17. Na3 Bd6 18. Nc4 Nb6 19. b3 Nxc4 20. bxc4
Ne5 21. Be4+ Kb8 22. f4 Nxc4 23. d3 Nb6 24. Be3 Bc7 25. Bxc5 f5 26. Bg2 Rxd3
27. Bd4 Rd8 28. Rxe6 R3xd4 29. cxd4 Rxd4 30. h4 Rd6 31. Re2 Rd8 32. Bc6 Bd6 33.
h5 Bb4 34. Ra6 Rd1+ 35. Kg2 Re1 36. Rea2 Re7 37. Bf3 Bd6 38. Rd2 Bxf4 39. Rd8+
Kc7 40. Rd4 Be5 41. Rxa7+ Kc8 42. Rxe7 Bxd4 43. h6 gxh6 44. Rxh7 Nc4 45. Bd5
Nd6 46. Be6+ Kb8 47. f4 Ne8 48. Bxf5 Ng7 49. Bg4 h5 50. Bxh5 Kc7 51. Bg4 Kd6
52. Kf3 Ke7 53. Ke4 Bf6 54. Rh1 Kf7 55. Rb1 Be7 56. Rb7 Kf6 57. Rb6+ Kf7 58.
Be2 Kf8 59. Rb8+ Kf7 60. f5 Kf6 61. Rb6+ 1-0

[Event "Schachfestival 2016 - Open"]
[Site "Bad Woerishofen"]
[Date "2016.02.29"]
[Round "4.5"]
[White "Hildenbrand, Peter"]
[Black "Chatalbashev, Boris"]
[Result "1/2-1/2"]
[WhiteElo "2194"]
[BlackElo "2563"]
[PlyCount "101"]
[EventDate "2016.??.??"]
[WhiteTeam "Deutschland"]
[BlackTeam "Bulgarien"]
[WhiteTeamCountry "GER"]
[BlackTeamCountry "BUL"]
[WhiteClock "0:55:09"]
[BlackClock "0:21:22"]

1. e4 d5 2. exd5 Qxd5 3. Nc3 Qd6 4. d4 Nf6 5. Nf3 g6 6. g3 Bg7 7. Bg2 Qa6 8.
Bf4 c6 9. Qe2 Bf5 10. Qxa6 Nxa6 11. O-O-O Nb4 12. a3 Nbd5 13. Nxd5 Nxd5 14. Bd2
Bg4 15. h3 Bxf3 16. Bxf3 e6 17. c3 b5 18. Kc2 Kd7 19. a4 a6 20. axb5 axb5 21.
Bxd5 cxd5 22. Ra1 b4 23. Be3 bxc3 24. bxc3 Rhc8 25. Rhb1 Kc6 26. Kd3 Bf6 27. h4
Bd8 28. h5 gxh5 29. Rxa8 Rxa8 30. Rh1 h4 31. gxh4 h5 32. Rg1 Bf6 33. Bg5 Rg8
34. Rg3 Bxg5 35. f4 f6 36. fxg5 Kd6 37. Rg2 fxg5 38. hxg5 e5 39. dxe5+ Kxe5 40.
g6 Kf6 41. c4 dxc4+ 42. Kxc4 Kg7 43. Kd4 Re8 44. Rg1 h4 45. Rh1 Rh8 46. Ke4
Kxg6 47. Kf3 Kh5 48. Kg2 Rb8 49. Ra1 Rb4 50. Kh3 Rb3+ 51. Kh2 1/2-1/2

[Event "Schachfestival 2016 - Open"]
[Site "Bad Woerishofen"]
[Date "2016.02.29"]
[Round "4.6"]
[White "Mueller, Werner"]
[Black "Milov, Leonid"]
[Result "0-1"]
[WhiteElo "2180"]
[BlackElo "2439"]
[PlyCount "117"]
[EventDate "2016.??.??"]
[WhiteTeam "Deutschland"]
[BlackTeam "Deutschland"]
[WhiteTeamCountry "GER"]
[BlackTeamCountry "GER"]
[WhiteClock "0:03:20"]
[BlackClock "0:07:51"]

1. e4 c5 2. Nf3 e6 3. Nc3 Nc6 4. d4 cxd4 5. Nxd4 Qc7 6. g3 a6 7. Bg2 h5 8. h3
h4 9. g4 Bc5 10. Nb3 Ba7 11. Qe2 Nge7 12. Be3 Ng6 13. Bxa7 Nf4 14. Qf3 Rxa7 15.
O-O-O Ne5 16. Qe3 b6 17. Bf1 g5 18. Kb1 f6 19. Bd3 Ke7 20. Ne2 Neg6 21. Nxf4
Nxf4 22. Nc1 Qc5 23. Qxc5+ bxc5 24. Ne2 Ng6 25. Rhf1 Bb7 26. f4 c4 27. Bxc4
Bxe4 28. Bd3 Bxd3 29. Rxd3 Rc8 30. b3 Rb7 31. Re3 Rb4 32. fxg5 fxg5 33. Kb2 Rb5
34. Rf5 Rxf5 35. gxf5 Nf8 36. Nd4 Kf6 37. fxe6 Nxe6 38. Nxe6 dxe6 39. c4 Kf5
40. Kc3 e5 41. Rf3+ Ke4 42. Rf1 Rd8 43. Re1+ Kf4 44. b4 e4 45. b5 axb5 46. cxb5
Ra8 47. Kb3 e3 48. a4 Kf3 49. Kb4 Kf2 50. Rc1 e2 51. b6 g4 52. a5 g3 53. b7 Rb8
54. a6 g2 55. Kc4 g1=Q 56. Rxg1 Kxg1 57. a7 Rxb7 58. a8=Q Rc7+ 59. Kd3 0-1

[Event "Schachfestival 2016 - Open"]
[Site "Bad Woerishofen"]
[Date "2016.02.29"]
[Round "4.7"]
[White "Pezerovic, Edin"]
[Black "Boehm, Juergen"]
[Result "1-0"]
[WhiteElo "2423"]
[BlackElo "2169"]
[PlyCount "83"]
[EventDate "2016.??.??"]
[WhiteTeam "Deutschland"]
[BlackTeam "Deutschland"]
[WhiteTeamCountry "GER"]
[BlackTeamCountry "GER"]
[WhiteClock "0:49:33"]
[BlackClock "0:27:12"]

1. d4 Nf6 2. Bf4 g6 3. e3 Bg7 4. h3 O-O 5. Nf3 d6 6. Be2 Nfd7 7. Nc3 e5 8. Bg5
f6 9. Bh4 Nc6 10. O-O Kh8 11. Qd2 exd4 12. exd4 Ne7 13. Bg3 Nf5 14. Bf4 Nb6 15.
d5 Bd7 16. a4 a5 17. Nb5 Re8 18. c4 Bxb5 19. axb5 a4 20. g4 Ne7 21. Nd4 Ng8 22.
Bd3 Nd7 23. Ne6 Qc8 24. Rfe1 Nf8 25. Qe2 Nxe6 26. dxe6 Ne7 27. Bg3 f5 28. Ra3
Rf8 29. Bh4 Qe8 30. Bb1 f4 31. Be4 c6 32. b3 d5 33. Bf3 h6 34. Bxe7 Qxe7 35.
Rxa4 dxc4 36. Rxa8 Rxa8 37. bxc6 bxc6 38. Bxc6 Rf8 39. bxc4 f3 40. Bxf3 Bd4 41.
Kg2 Bc5 42. Qe5+ 1-0

[Event "Schachfestival 2016 - Open"]
[Site "Bad Woerishofen"]
[Date "2016.02.29"]
[Round "4.8"]
[White "Weisenburger, Horst"]
[Black "Singer, Christoph"]
[Result "1/2-1/2"]
[WhiteElo "2162"]
[BlackElo "2316"]
[PlyCount "35"]
[EventDate "2016.??.??"]
[WhiteTeam "Deutschland"]
[BlackTeam "Deutschland"]
[WhiteTeamCountry "GER"]
[BlackTeamCountry "GER"]
[WhiteClock "0:29:04"]
[BlackClock "0:35:31"]

1. e4 e5 2. Nf3 Nc6 3. d4 exd4 4. c3 dxc3 5. Nxc3 Bb4 6. Bc4 Nf6 7. e5 d5 8.
exf6 dxc4 9. Qxd8+ Nxd8 10. fxg7 Rg8 11. Bh6 Ne6 12. O-O-O Bxc3 13. bxc3 Nxg7
14. Rhe1+ Ne6 15. Bf4 f6 16. Bxc7 Kf7 17. Bg3 Rd8 18. Rxd8 1/2-1/2

[Event "Schachfestival 2016 - Open"]
[Site "Bad Woerishofen"]
[Date "2016.02.29"]
[Round "4.9"]
[White "Rahls, Peter"]
[Black "De Santis, Alessio"]
[Result "1-0"]
[WhiteElo "2150"]
[BlackElo "2308"]
[PlyCount "111"]
[EventDate "2016.??.??"]
[WhiteTeam "Deutschland"]
[BlackTeam "Italien"]
[WhiteTeamCountry "GER"]
[BlackTeamCountry "ITA"]
[WhiteClock "0:18:08"]
[BlackClock "0:07:42"]

1. e4 b6 2. d4 Bb7 3. Bd3 g6 4. Nf3 Bg7 5. O-O d6 6. Re1 Nd7 7. Nbd2 e6 8. Nc4
Ne7 9. Bf4 Qb8 10. Qd2 h6 11. e5 d5 12. Ne3 c5 13. c3 Qc8 14. h4 a5 15. Ng4 c4
16. Bc2 Ng8 17. b3 b5 18. bxc4 bxc4 19. Rab1 Bc6 20. Rb2 Rb8 21. Rxb8 Nxb8 22.
Qc1 h5 23. Ne3 Bf8 24. Qb1 Ne7 25. Bg5 Nf5 26. Nxf5 gxf5 27. Bxf5 Kd7 28. Bf6
Rh6 29. Bc2 Kc7 30. Qd1 Nd7 31. Bg5 Rh8 32. Bf4 Ba3 33. Ng5 Qf8 34. Ba4 Nb6 35.
Bxc6 Kxc6 36. Qf3 Bb2 37. Bc1 Bxc1 38. Rxc1 Qa3 39. Rf1 Rf8 40. Nh7 Re8 41.
Qxf7 Re7 42. Qf8 Kb5 43. Nf6 Ka4 44. Qd8 Qxc3 45. Qxe7 Qxd4 46. Qxe6 c3 47. Qf5
Qd2 48. Qb1 Qb2 49. e6 d4 50. Qxb2 cxb2 51. e7 Ka3 52. e8=Q d3 53. Qb5 a4 54.
Rb1 Nc4 55. Qxc4 d2 56. Qc3+ 1-0

[Event "Schachfestival 2016 - Open"]
[Site "Bad Woerishofen"]
[Date "2016.02.29"]
[Round "4.10"]
[White "Kannenberg, Karl-Heinz"]
[Black "Gassmann, Volker"]
[Result "1/2-1/2"]
[WhiteElo "2246"]
[BlackElo "2172"]
[PlyCount "60"]
[EventDate "2016.??.??"]
[WhiteTeam "Deutschland"]
[BlackTeam "Deutschland"]
[WhiteTeamCountry "GER"]
[BlackTeamCountry "GER"]
[WhiteClock "0:12:55"]
[BlackClock "0:45:25"]

1. d4 Nf6 2. Nf3 c5 3. e3 g6 4. Be2 Bg7 5. O-O O-O 6. c4 cxd4 7. exd4 d5 8. h3
Nc6 9. Nc3 dxc4 10. Bxc4 Na5 11. Be2 Nd5 12. Nxd5 Qxd5 13. Be3 Nc4 14. Qb3 Nxe3
15. Qxe3 Be6 16. b3 Qd6 17. Bc4 Bxc4 18. bxc4 e6 19. Rab1 Rab8 20. Rfd1 Rfc8
21. d5 a6 22. dxe6 Qxe6 23. Qxe6 fxe6 24. Rd7 Rxc4 25. Rbxb7 Rxb7 26. Rxb7 Rc1+
27. Kh2 Rc5 28. Rb6 Ra5 29. Rxe6 Rxa2 30. Ng5 Rxf2 1/2-1/2

[Event "Schachfestival 2016 - Open"]
[Site "Bad Woerishofen"]
[Date "2016.02.28"]
[Round "4.14"]
[White "Bartels, Holger"]
[Black "Pirrot, Dieter"]
[Result "0-1"]
[WhiteElo "2124"]
[BlackElo "2380"]
[Annotator "chessorg"]
[PlyCount "52"]
[EventDate "2016.??.??"]
[BlackTeam "SV 1920 Hofheim"]

1. e4 c6 2. d4 d5 3. exd5 cxd5 4. Bd3 Nc6 5. c3 Qc7 6. Nf3 g6 7. O-O Bg7 8. Re1
Nf6 9. Ne5 Nxe5 10. dxe5 Ng4 11. Bb5+ Kf8 12. Be2 h5 13. Bxg4 Bxg4 14. f3 Bxe5
15. Rxe5 Qxe5 16. fxg4 hxg4 17. g3 Rh3 18. Nd2 Qe3+ 19. Kg2 Rxh2+ 20. Kxh2 Qf2+
21. Kh1 Kg7 22. Qxg4 Rh8+ 23. Qh4 Rxh4+ 24. gxh4 f5 25. Nb3 f4 26. Bd2 f3 0-1

[Event "Schachfestival 2016 - Open"]
[Site "Bad Woerishofen"]
[Date "2016.02.28"]
[Round "4.23"]
[White "Budzyn, Matthias"]
[Black "Schleich, Theo"]
[Result "1-0"]
[WhiteElo "2168"]
[BlackElo "2028"]
[Annotator "chessorg"]
[PlyCount "37"]
[EventDate "2016.??.??"]
[WhiteTeam "SG Turm Kiel von 1910"]
[BlackTeam "SK Siemens Muenchen"]

1. e4 c5 2. c3 Nf6 3. e5 Nd5 4. Nf3 e6 5. d4 cxd4 6. cxd4 Nc6 7. a3 d6 8. Bd3
Be7 9. O-O O-O 10. Re1 Bd7 11. Qe2 Re8 12. Qe4 g6 13. Bh6 Rc8 14. Nbd2 Nb6 15.
Qf4 Nd5 16. Qg3 dxe5 17. dxe5 Na5 18. Ng5 Nb3 19. Nxb3 1-0

[Event "Schachfestival 2016 - Open"]
[Site "Bad Woerishofen"]
[Date "2016.02.28"]
[Round "4.25"]
[White "Fischer, Daniel"]
[Black "Schweiger, Georg"]
[Result "1/2-1/2"]
[WhiteElo "1806"]
[BlackElo "2158"]
[Annotator "chessorg"]
[PlyCount "46"]
[EventDate "2016.??.??"]
[BlackTeam "SU Grafing-Ebersberg"]

1. e4 e6 2. d4 d5 3. Nd2 f5 4. exf5 exf5 5. Ngf3 Nf6 6. Bd3 Bd6 7. O-O O-O 8.
Re1 c6 9. Ne5 Ne4 10. Ndf3 Nd7 11. Bf4 Ndf6 12. c3 Ng4 13. Re2 g5 14. Bc1 h6
15. Nxg4 fxg4 16. Nd2 g3 17. Bxe4 gxh2+ 18. Kh1 dxe4 19. Nxe4 Bg4 20. Qb3+ Kh8
21. Re1 b6 22. Nxd6 Qxd6 23. Be3 Rae8 1/2-1/2

[Event "Schachfestival 2016 - Open"]
[Site "Bad Woerishofen"]
[Date "2016.02.28"]
[Round "4.28"]
[White "Hamlack, Heinz"]
[Black "Steinbacher, Matthias"]
[Result "1-0"]
[WhiteElo "2015"]
[BlackElo "2300"]
[Annotator "chessorg"]
[PlyCount "121"]
[EventDate "2016.??.??"]
[WhiteTeam "Post-SV Memmingen e.V."]
[BlackTeam "ohne"]

1. d4 Nf6 2. Nf3 d6 3. c4 h6 4. Nc3 Bf5 5. g3 Ne4 6. Bg2 Nxc3 7. bxc3 Be4 8.
O-O e6 9. Nd2 Bxg2 10. Kxg2 Be7 11. e4 O-O 12. Rb1 Nd7 13. f4 Nb6 14. Qe2 Qd7
15. f5 exf5 16. Rxf5 Rae8 17. Ra5 c5 18. Rxa7 Bd8 19. Qf3 Re7 20. Ba3 Rfe8 21.
g4 Qc8 22. Qf5 Qb8 23. Ra5 g6 24. Qf3 Nxc4 25. Nxc4 Bxa5 26. Nxa5 Qa8 27. Nc4
d5 28. exd5 Re2+ 29. Kg1 Rxa2 30. Rf1 f5 31. gxf5 Ree2 32. Bb2 Qe8 33. fxg6
Qxg6+ 34. Kh1 Qe4 35. Qxe4 Rxe4 36. Rf2 cxd4 37. cxd4 b5 38. Ne5 Re1+ 39. Kg2
Rb1 40. Nd3 Ra6 41. Nb4 Rg6+ 42. Kh3 Re1 43. Rf3 h5 44. Nd3 Rb1 45. Ba3 Rb3 46.
Be7 Rg4 47. Bc5 Rg7 48. d6 Rb7 49. Kg3 h4+ 50. Kf2 b4 51. Ke3 Rc3 52. Rf8+ Kg7
53. Rc8 Kf6 54. d5 Kf5 55. Rc7 Rb8 56. Bxb4 Rb3 57. d7 R8xb4 58. d8=Q Re4+ 59.
Kd2 Rd4 60. Rf7+ Kg4 61. Qd7+ 1-0

[Event "Schachfestival 2016 - Open"]
[Site "Bad Woerishofen"]
[Date "2016.02.28"]
[Round "4.30"]
[White "Kugelmann, Werner"]
[Black "Carrasco, Paul"]
[Result "1-0"]
[WhiteElo "2149"]
[BlackElo "2005"]
[Annotator "chessorg"]
[PlyCount "63"]
[EventDate "2016.??.??"]
[WhiteTeam "TSV Wertingen 1862 SAbt"]

1. e4 Nf6 2. e5 Nd5 3. d4 d6 4. c4 Nb6 5. f4 dxe5 6. fxe5 Nc6 7. Be3 Bf5 8. Nc3
e6 9. Nf3 Nb4 10. Rc1 c5 11. a3 cxd4 12. Nxd4 Nc6 13. Nxf5 exf5 14. Qe2 Be7 15.
Rd1 Nd7 16. Bf4 g5 17. Bg3 f4 18. e6 fxe6 19. Qh5+ Kf8 20. Qh6+ Kf7 21. Be2
Nce5 22. Bh5+ Ng6 23. Ne4 Qa5+ 24. b4 Qe5 25. O-O Qxe4 26. Rxd7 Rad8 27. Rxe7+
Kxe7 28. Qg7+ Kd6 29. Rd1+ Kc6 30. b5+ Kb6 31. Bf2+ Ka5 32. Qc3+ 1-0

[Event "Schachfestival 2016 - Open"]
[Site "Bad Woerishofen"]
[Date "2016.02.28"]
[Round "4.43"]
[White "Baeuml, Ulrich"]
[Black "Strohbusch, Frank"]
[Result "1-0"]
[WhiteElo "2109"]
[BlackElo "1836"]
[Annotator "chessorg"]
[PlyCount "59"]
[EventDate "2016.??.??"]
[WhiteTeam "SC Dillingen"]
[BlackTeam "SK Freising"]

1. c4 Nf6 2. g3 d5 3. cxd5 Nxd5 4. Bg2 Nc6 5. Nc3 e6 6. Nf3 Be7 7. O-O O-O 8.
d4 f5 9. Re1 Bb4 10. Bd2 Nxc3 11. bxc3 Bd6 12. Qb3 Na5 13. Qa4 b6 14. c4 Bd7
15. Qc2 Nc6 16. c5 bxc5 17. dxc5 Be7 18. Rad1 Rb8 19. Qc4 Bf6 20. Bc3 Bxc3 21.
Qxc3 Qe7 22. Rd2 e5 23. Red1 Rbd8 24. e4 fxe4 25. Qc4+ Be6 26. Qxe4 Rxd2 27.
Rxd2 Qxc5 28. Ng5 Qc1+ 29. Bf1 Qxd2 30. Qxh7# 1-0

[Event "Schachfestival 2016 - Open"]
[Site "Bad Woerishofen"]
[Date "2016.02.28"]
[Round "4.80"]
[White "Gerhards, Walter"]
[Black "Dahmen, Juergen"]
[Result "1-0"]
[WhiteElo "1911"]
[BlackElo "1737"]
[Annotator "chessorg"]
[PlyCount "91"]
[EventDate "2016.??.??"]
[WhiteTeam "Ratinger SK 1950"]
[BlackTeam "SV Wolfbusch"]

1. e4 c5 2. Nf3 e6 3. d4 cxd4 4. Nxd4 a6 5. Nc3 d6 6. Be2 Nf6 7. O-O Be7 8. Be3
O-O 9. f4 Nbd7 10. Bf3 Qc7 11. Qe2 Rb8 12. g4 Nb6 13. Nd1 d5 14. e5 Ne8 15. Bf2
Bc5 16. c3 Bd7 17. Re1 Bxd4 18. Bxd4 Bb5 19. Qf2 Nd7 20. Ne3 Nc5 21. Be2 Bxe2
22. Rxe2 Rc8 23. Rf1 Ne4 24. Qf3 b5 25. f5 Ng5 26. Qg2 Qd7 27. h4 Ne4 28. Qf3
Nc7 29. Kh1 Qd8 30. Rh2 Qd7 31. Rg1 Rce8 32. f6 gxf6 33. exf6 e5 34. Bb6 Re6
35. Bxc7 Rxf6 36. Qe2 Rf2 37. Rxf2 Nxf2+ 38. Qxf2 Qxc7 39. Qf6 Qd8 40. g5 Qxf6
41. gxf6+ Kh8 42. Nxd5 Rd8 43. Ne7 h6 44. Nf5 e4 45. Nxh6 Kh7 46. Nxf7 1-0

[Event "Schachfestival 2016 - Open"]
[Site "Bad Woerishofen"]
[Date "2016.02.28"]
[Round "4.16"]
[White "Cocchi, Andrea"]
[Black "Khudovekov, Stanislav"]
[Result "1-0"]
[WhiteElo "2230"]
[BlackElo "2113"]
[Annotator "chessorg"]
[PlyCount "51"]
[EventDate "2016.??.??"]

1. Nf3 d6 2. c4 g6 3. Nc3 Bg7 4. g3 e5 5. d4 Bg4 6. dxe5 Bxf3 7. exf3 Bxe5 8.
Bg2 Bg7 9. Qb3 b6 10. f4 c6 11. f5 gxf5 12. O-O Ne7 13. Bg5 O-O 14. Rad1 Be5
15. Rfe1 f6 16. c5+ Kg7 17. Rxe5 fxg5 18. Rxd6 Qc7 19. Qe6 Ng6 20. Rxf5 Rxf5
21. Qxf5 Qe7 22. Ne4 bxc5 23. Qxc5 Qb7 24. Qd4+ Kh6 25. Nf6 a5 26. Ng8+ 1-0